000 00322nam a22001457a 4500
008 210526b ||||| |||| 00| 0 eng d
020 _a9781847871756
041 _aeng
080 _a37
082 _a37
100 _a46
101 _aEDU
245 _aDoing and Writing Action Research
_cJean Mcniff
942 _2udc
_cBK
999 _c57654
_d57654